Taylor Swift - Devine la chanson sans indices #69 - Statistiques

Statistiques générales
  • Ce quiz a été pris 198 fois
  • Le résultat moyen est 202 sur 321
Statistiques - réponses
Réponse % Correct
a
99%
ah
99%
I
99%
you?
98%
you
98%
you,
98%
You
98%
the
95%
The
95%
me
90%
me,
90%
is
88%
to
88%
We
87%
we
87%
your
85%
it
84%
love
83%
love,
83%
my
83%
do
81%
when
81%
And
80%
and
80%
In
80%
in
80%
this
80%
it's
79%
for
78%
I'm
78%
you're
78%
You're
78%
go
76%
were
76%
we're
76%
that
75%
can
73%
so
72%
They
71%
can't
69%
like
68%
But
67%
say
67%
if
64%
not
64%
with
64%
could
63%
I'd
62%
get
60%
all
59%
by
59%
just
59%
know
59%
said
59%
how
57%
talk
57%
us
57%
there
54%
think
54%
false
53%
god
53%
still
51%
Still
51%
about
49%
Even
49%
up
49%
babe
48%
die
48%
good
48%
New
48%
away
44%
City
44%
York
44%
out
43%
We'd
43%
worship
43%
favorite
42%
crazy
41%
Crazy
41%
town
41%
might
40%
Got
39%
hell
38%
times
38%
hips
37%
lost
37%
Make
37%
work
37%
lips
36%
Remember
36%
thing
36%
altar
33%
blind
33%
Blind
33%
jump
33%
stupid
33%
leave
32%
warned
31%
faith
30%
fight
30%
touch
30%
Religion's
29%
Village
29%
West
29%
Honey
28%
ocean
28%
gets
27%
hard
27%
heaven's
27%
road
27%
Staring
26%
patch
25%
window
25%
scare
24%
try
24%
Daring
23%
fly
23%
led
22%
separating
20%
begging
17%
forgiveness
16%
wine
16%
confessions
13%
Aucun quiz correspondant
Distribution des résultats
% des personnes avec chaque résultat
Percentile par nombre de réponses
Votre historique - résultats
Vous n’avez pas pris ce quiz